000 00577nam a2200157 a 4500
008 120416s1971 ||||||||||||||||| || u
020 _a0321096619
050 _aHD 9539.C7 Fab
100 _aFaber, M. L. O
245 1 0 _aTowards economic independence
246 _apapers on the nationalization of the Copper Industry in Zambia
260 _aCambridge
_bThe University Press
_c1971
300 _ax, 134p. : ill.
350 _a0.00
995 _D0.00
_FCBU-MAIN LIBRARY (Kitwe)
_H1
_I1.20
_M1
_UAVAILABLE
_ZZambiana Collection
999 _c60065
_d60065